步步生蓮

資料類型: Book 圖書   書目號:44404

Leader xxxxxxxxxx
001 __ PCLIS00044404
005 __ 20220220135146.0
010 0_ |a978-986-185-477-9|b第1冊:平裝|dNT$250
010 0_ |a978-986-185-478-6|b第2冊:平裝|dNT$250
010 0_ |a978-986-185-493-9|b第3冊:平裝|dNT$250
010 0_ |a978-986-185-494-6|b第4冊:平裝|dNT$250
010 0_ |a978-986-185-501-1|b第5冊:平裝|dNT$250
010 0_ |a978-986-185-502-8|b第6冊:平裝|dNT$250
010 0_ |a978-986-185-512-7|b第7冊:平裝|dNT$250
010 0_ |a978-986-185-513-4|b第8冊:平裝|dNT$250
010 0_ |a978-986-185-524-0|b第9冊:平裝|dNT$250
010 0_ |a978-986-185-523-3|b第10冊:平裝|dNT$250
010 0_ |a978-986-185-531-8|b第11冊:平裝|dNT$250
010 0_ |a978-986-185-532-5|b第12冊:平裝|dNT$250
010 0_ |a978-986-185-539-4|b第13冊:平裝|dNT$250
010 0_ |a978-986-185-540-0|b第14冊:平裝|dNT$250
010 0_ |a978-986-185-547-9|b第15冊:平裝|dNT$250
010 0_ |a978-986-185-548-6|b第16冊:平裝|dNT$250
010 0_ |a978-986-185-555-4|b第17冊:平裝|dNT$250
010 0_ |a978-986-185-556-1|b第18冊:平裝|dNT$250
010 0_ |a978-986-185-567-7|b第19冊:平裝|dNT$250
010 0_ |a978-986-185-568-4|b第20冊:平裝|dNT$250
010 0_ |a978-986-185-578-3|b第21冊:平裝|dNT$250
010 0_ |a978-986-185-579-0|b第22冊:平裝|dNT$250
010 0_ |a978-986-185-591-2|b第23冊:平裝|dNT$250
010 0_ |a978-986-185-592-9|b第24冊:平裝|dNT$250
010 0_ |a978-986-185-605-6|b第25冊:平裝|dNT$250
010 0_ |a978-986-185-606-3|b第26冊:平裝|dNT$250
010 0_ |a978-986-185-613-1|b第27冊:平裝|dNT$250
100 __ |a20120410g20102011m  y0chiy09      e
101 0_ |achi
102 __ |atw
105 __ |ay   z   000ay
200 1_ |a步步生蓮|e|f月關著
205 __ |a初版
210 __ |a臺北市|c高寶國際出版|c希代多媒體發行|d2010-2011[民99-100]
215 0_ |a27冊|c|d21公分
225 2_ |a戲非戲|vDN124-143,150-156
300 __ |a作者本名魏立軍
327 1_ |v1,|a1, 霸州丁家|v2,|a2, 小荷初綻|v3,|a3, 荷盡戲魚|v4,|a4, 蓮子始生|v5,|a5, 奪此千竿一池碧|v6,|a6, 千竿修碧淨無塵|v7,|a7, 開花十丈藕如船|v8,|a8, 藕花若盡見蓮心|v9,|a9, 繞池閒步看魚游|v10,|a10, 池魚戲葉仍含凍|v11,|a11, 無水不生蓮|v12,|a12, 蓮花分秀萼|v13,|a13, 蓮紅水綠|v14,|a14, 蓮舟輕泛|v15,|a15, 今為伊水寄生蓮|v16,|a16, 白藕新花照水開|v17,|a17, 風荷搖破扇|v18,|a18, 荷破葉猶青|v19,|a19, 何日藕|v20,|a20, 幾時蓮|v21,|a21, 燒盡紅蓮|v22,|a22, 慣看青荷|v23,|a23, 鏡花搖芰日|v24,|a24, 衣麝入荷風|v25,|a25, 心如世上青蓮色|v26,|a26, 零落幾多紅藕花|v27,|a27, 大宋官家(大結局)
410 _0 |12001 |a戲非戲|vDN124-143,150-156
681 __ |a857.7|b864
681 __ |a857.7|b8640
700 _0 |a月關|4801 _0 |atw|b內湖高中|c20120410|gCCR
詳細館藏 21-27 筆 (共 27 筆)
索 書 號登 錄 號冊次號館別 / 館藏地流通類型狀態加入預約清單電子資源
857.7 / 8640 1019637 V21 圖書館 / 一樓普通區 可外借30天 在館   
857.7 / 8640 1019638 V22 圖書館 / 一樓普通區 可外借30天 在館   
857.7 / 8640 1019639 V23 圖書館 / 一樓普通區 可外借30天 在館   
857.7 / 8640 1019640 V24 圖書館 / 一樓普通區 可外借30天 在館   
857.7 / 8640 1019641 V25 圖書館 / 一樓普通區 可外借30天 在館   
857.7 / 8640 1019642 V26 圖書館 / 一樓普通區 可外借30天 在館   
857.7 / 8640 1019643 V27 圖書館 / 一樓普通區 可外借30天 在館   

切換至館藏 第 1, 2, 3 頁

| 條列資料




目錄查詢 分類查詢 個人資料 圖書薦購 新書查詢 閉館日 排行榜 更多電子資源 Hami書城 線上資料庫 登出

From : 216.73.217.52

  本日流通累計至 15:12:14 借閱 : 0 次 續借 : 0 次 歸還 : 0 次 預約 : 0 次 電子資源 : 0 次


內湖高中圖書館  PCLIS 版本  26.5.0.12